| 000 | 00414nam a2200181Ia 4500 | ||
|---|---|---|---|
| 005 | 20250423100300.0 | ||
| 008 | 250422s9999 xx 000 0 und d | ||
| 020 | _a0-8172-4278-3 | ||
| 050 | _aCB311.I54 | ||
| 100 | _aBrian Innes | ||
| 245 | 0 | _aMysteries of the Ancients | |
| 260 | _aNew York | ||
| 260 | _bRainTree Steck-Vaughn | ||
| 260 | _c1999 | ||
| 300 | _a48 p | ||
| 650 | _aLiterature | ||
| 942 | _cBK | ||
| 999 |
_c32832 _d32832 |
||